000 00405nam a22001697a 4500
005 20180412111948.0
008 160625b xxu||||| |||| 00| 0 eng d
020 _a81-7194-272-5
041 _aeng
082 _b10034
_a343.04
100 _aSinghania, Dr Vinod K
_94268
245 _aDirect toxes Ready Reckonor
260 _bTaxmanns
_c2004
300 _a248
650 _aManagement
_9241
942 _cBK
999 _c3965
_d3964